MARC details
| 000 -CABECERA |
| campo de control de longitud fija |
02110nam a2200313 a 4500 |
| 003 - IDENTIFICADOR DEL NÚMERO DE CONTROL |
| campo de control |
OSt |
| 005 - FECHA Y HORA DE LA ÚLTIMA TRANSACCIÓN |
| campo de control |
20250624095821.0 |
| 007 - CAMPO FIJO DE DESCRIPCIÓN FÍSICA--INFORMACIÓN GENERAL |
| campo de control de longitud fija |
ta |
| 008 - DATOS DE LONGITUD FIJA--INFORMACIÓN GENERAL |
| campo de control de longitud fija |
211004b2014 dr ||||| |||| 00| 0 spa d |
| 020 ## - NÚMERO INTERNACIONAL ESTÁNDAR DEL LIBRO |
| Número Internacional Estándar del Libro |
9789945410778 |
| 040 ## - FUENTE DE LA CATALOGACIÓN |
| Centro catalogador/agencia de origen |
DO-SdBNP |
| Lengua de catalogación |
spa |
| Centro/agencia transcriptor |
BNPHU |
| 082 ## - NÚMERO DE LA CLASIFICACIÓN DECIMAL DEWEY |
| Número de clasificación |
616.89 |
| Número de documento/Ítem |
Z18m 2014 |
| 100 1# - ENTRADA PRINCIPAL--NOMBRE DE PERSONA |
| Nombre de persona |
Zaglul, Antonio, |
| Fechas asociadas al nombre |
1920-1996 |
| 9 (RLIN) |
69657 |
| 245 10 - MENCIÓN DE TÍTULO |
| Título |
Mis 500 locos / |
| Mención de responsabilidad, etc. |
Antonio Zaglul. |
| 246 10 - FORMA VARIANTE DE TÍTULO |
| Título propio/Titulo breve |
Mis quinientos locos |
| 260 ## - PUBLICACIÓN, DISTRIBUCIÓN, ETC. |
| Lugar de publicación, distribución, etc. |
Santo Domingo : |
| Nombre del editor, distribuidor, etc. |
Letragráfica, |
| Fecha de publicación, distribución, etc. |
2014. |
| 300 ## - DESCRIPCIÓN FÍSICA |
| Extensión |
165 p. : |
| Otras características físicas |
il. fot. ; |
| Dimensiones |
22 cm. |
| 490 1# - MENCIÓN DE SERIE |
| Mención de serie |
Libros para todos |
| 500 ## - NOTA GENERAL |
| Nota general |
Incluye datos biográficos del autor en la página 165 |
| 505 0# - NOTA DE CONTENIDO CON FORMATO |
| Nota de contenido con formato |
Motivación --<br/>La Ilegada --<br/>Recordando al Padre Billini --<br/>Trementina, clerén y bongó --<br/>Fiesta dominical --<br/>Historia de los manicomios --<br/>Los enfermeros --<br/>Un extraño cargamento --<br/>Los mellizos se encuentran --<br/>El padre Wheaton --<br/>El día que los locos callaron --<br/>La Psiquiatría evoluciona --<br/>La mente y sus enfermedades --<br/>El mundo de los psicópatas --<br/>Las neurosis --<br/>Las psicosis --<br/>El mundo misterioso de los esquizofrénicos --<br/>Autobiografía de una esquizofrénica --<br/>Plinio --<br/>El corredor El liniero que 10 sabía todo --<br/>El maestro --<br/>El loco que nunca refa --<br/>El venezolano --<br/>La locura maníaco-depresiva --<br/>La tristeza invade el manicomio --<br/>Una apuesta macabra --<br/>Los maníacos --<br/>Epilepsia --<br/>"La gota", palabra maldita --<br/>Más ladrón que loco --<br/>El amigo Bernardo --<br/>El veterano --<br/>Los seniles --<br/>"Los fantasmas de mi cerebro" de José María Gironella --<br/>Los tratamientos --<br/>Pablito Mirabal --<br/>La paraplejía histérica --<br/>Los esclavos simuladores --<br/>Los disimuladores --<br/>Bombín, el herbolario --<br/>Antonio, el necrofflico --<br/>La muerte Ilega al manicomio --<br/>Nos vamos --<br/>Final |
| 590 ## - NOTA LOCAL (RLIN) |
| Nota local |
Inventariado, 2021 / LP |
| 590 ## - NOTA LOCAL (RLIN) |
| Nota local |
La biblioteca posee 1 ejemplar autografiado |
| 650 #4 - PUNTO DE ACCESO ADICIONAL DE MATERIA--TÉRMINO DE MATERIA |
| Término de materia o nombre geográfico como elemento de entrada |
Psiquiatría |
| Subdivisión general |
Casos, historias clínicas, estadística |
| 9 (RLIN) |
26961 |
| 650 #4 - PUNTO DE ACCESO ADICIONAL DE MATERIA--TÉRMINO DE MATERIA |
| Término de materia o nombre geográfico como elemento de entrada |
Enfermos mentales |
| 9 (RLIN) |
18248 |
| 650 #4 - PUNTO DE ACCESO ADICIONAL DE MATERIA--TÉRMINO DE MATERIA |
| Término de materia o nombre geográfico como elemento de entrada |
Trastornos mentales |
| 9 (RLIN) |
18252 |
| 830 #0 - PUNTO DE ACCESO ADICIONAL DE SERIE-TÍTULO UNIFORME |
| Título uniforme |
Libros para todos |
| 9 (RLIN) |
69658 |
| 910 ## - DATOS DE OPCIÓN DEL USUARIO (OCLC) |
| Datos de opción del usuario |
Validado. Control de calidad MFF |
| 942 ## - ELEMENTOS DE PUNTO DE ACCESO ADICIONAL (KOHA) |
| Fuente del sistema de clasificación o colocación |
Dewey Decimal Classification |
| Tipo de ítem Koha |
Libro |